<?xml version="1.0" encoding="UTF-8"?>
<marc:record xmlns:marc="http://www.loc.gov/MARC21/slim">
   <marc:leader>00000nam a2200000 a 4500</marc:leader>
   <marc:datafield ind1="1" ind2=" " tag="100">
      <marc:subfield code="a">Scheffler, Axel</marc:subfield>
      <marc:subfield code="4">aut</marc:subfield>
      <marc:subfield code="e">Verfasser/-in</marc:subfield>
   </marc:datafield>
   <marc:datafield ind1="1" ind2=" " tag="100">
      <marc:subfield code="a">Donaldson, Julia</marc:subfield>
      <marc:subfield code="4">aut</marc:subfield>
      <marc:subfield code="e">Verfasser/-in</marc:subfield>
   </marc:datafield>
   <marc:datafield ind1="0" ind2="0" tag="245">
      <marc:subfield code="a">Zogg und die Retter der Lüfte</marc:subfield>
   </marc:datafield>
   <marc:datafield ind1="0" ind2="0" tag="245">
      <marc:subfield code="c">Axel Scheffler, Julia Donaldson ; aus dem Englischen übertragen von Salah Naoura</marc:subfield>
   </marc:datafield>
   <marc:datafield ind1=" " ind2="1" tag="264">
      <marc:subfield code="a">Weinheim ; Basel</marc:subfield>
      <marc:subfield code="b">Beltz &amp; Gelberg</marc:subfield>
      <marc:subfield code="c">2016</marc:subfield>
   </marc:datafield>
   <marc:datafield ind1="1" ind2=" " tag="490">
      <marc:subfield code="a">Zogg</marc:subfield>
      <marc:subfield code="v">2</marc:subfield>
   </marc:datafield>
   <marc:datafield ind1="1" ind2=" " tag="520">
      <marc:subfield code="a">Prinzessin Perle, Ritter Schlagedrein und der Drache Zogg vollbringen nichts als gute Taten und wahre Wunder, sie heilen landauf und landab. Wie gut, dass auch der König einsieht, dass es sich für eine Prinzessin sehr wohl geziemt, Ärztin zu sein! Die drei Retter der Lüfte tun nur Gutes: Sie helfen Meerjungfrauen mit Sonnenbrand, befreien Einhörner von falschen Hörnern oder verabreichen erkälteten Löwen Medizin. Doch der König will Perle zum Nähen und Sticken verdonnern.Erst als er selbst krank wird und nur Perle ihn retten kann (mit einer Mixtur aus Meerjungfrauenschuppen, Löwenrotze und Einhornspänen), muss er einsehen, dass man niemandem von seiner Bestimmung und seinem Glück abhalten sollte  Perle schon gar nicht. (Verlagstext)</marc:subfield>
   </marc:datafield>
   <marc:datafield ind1=" " ind2=" " tag="020">
      <marc:subfield code="a">9783407821812</marc:subfield>
      <marc:subfield code="9">9783407821812</marc:subfield>
   </marc:datafield>
   <marc:datafield ind1=" " ind2=" " tag="041">
      <marc:subfield code="a">ger</marc:subfield>
   </marc:datafield>
   <marc:datafield ind1=" " ind2=" " tag="300">
      <marc:subfield code="a">32 ungezählte Seiten</marc:subfield>
   </marc:datafield>
</marc:record>
